000 00207 a2200097 4500
001 48368
100 _aAbbas, H Farroqi
245 _aUnique Trial
260 _aKarachi
_bR.L.R Pub
_c
090 _c31309
_d31309
942 _aNUST-CAE
_cM
_c23680
999 _c283441
_d283441